| 000 | 00689nam a22001937a 4500 | ||
|---|---|---|---|
| 005 | 20250716155320.0 | ||
| 008 | 250716b |||||||| |||| 00| 0 eng d | ||
| 020 | _a978-0-495-80955-5 | ||
| 050 | _aPE 1441 .W56 2009 | ||
| 100 | _aWINGERSKY, JOY | ||
| 245 | _aWRITING PARAGRAPHS AND ESSAYS: INTEGRATING READING, WRITING, AND GRAMMAR SKILLS | ||
| 250 | _a6 | ||
| 260 |
_aBELMONT, CA _bCENGAGE WADSWORTH, _c2009 |
||
| 300 | _a XXVIII, 516 P.: ILL. | ||
| 500 | _aINCLUDES INDEX | ||
| 650 | _a 1. ENGLISH LANGUAGE--PARAGRAPHS 2. ENGLISH LANGUAGE--RHETORIC 3. ENGLISH LANGUAGE--GRAMMAR--PROBLEMS, EXERCISES, ETC | ||
| 700 |
_aBOERNER, JAN _aHOLGUIN-BALOGH, DIANA |
||
| 942 |
_2lcc _cBK |
||
| 999 |
_c215906 _d215906 |
||